000 00567nam a22001697a 4500
999 _c4050
_d4050
008 160823b xxu||||| |||| 00| 0 eng d
022 _a2094-8042
082 _aDPer 370.105 M72 Jan-Dec 2012 v. 60-61
100 _913499
_aSandoval, Joan D.
243 _a
245 _aLesson plan in physical education/
_cJoan D. Sandoval.
260 _aPhilippines:
_bIn the Grade School, Inc.,
_c©2012.
300 _av60 n8, pages 334-335;
_c28 cm.
500 _aThe Modern Teacher.
650 0 _919402
_aProgrammed instruction
_xPhysical education
942 _2ddc
_cPER